[Event "ODJM A 2025"]
[Site "Willingen GER"]
[Date "2025.06.10"]
[Round "4"]
[White "Hierl, Andreas"]
[Black "Arne, Jonas"]
[Result "1-0"]
[Termination "normal"]
[Board "33"]
[WhiteElo "1767"]
[BlackElo "1938"]
[WhiteClock "00:11:52"]
[BlackClock "01:13:35"]
[PlyCount "125"]
[WhiteFideId "34660496"]
[BlackFideId "34640398"]
[EventCountry "GER"]
[EventRounds "9"]
[EventType "swiss"]
[EventDate "2025.06.07"]

1. e4 {[%clk 01:30:58]} {[%emt 00:00:02]} c5 {[%clk 01:30:57]} {[%emt
00:00:05]} 2. Nc3 {[%clk 01:31:23]} {[%emt 00:00:06]} a6 {[%clk 01:31:14]}
{[%emt 00:00:12]} 3. g3 {[%clk 01:31:42]} {[%emt 00:00:09]} Nc6 {[%clk
01:30:55]} {[%emt 00:00:49]} 4. Bg2 {[%clk 01:32:05]} {[%emt 00:00:07]} g6
{[%clk 01:31:15]} {[%emt 00:00:10]} 5. Nge2 {[%clk 01:28:10]} {[%emt 00:04:24]}
Bg7 {[%clk 01:31:09]} {[%emt 00:00:36]} 6. O-O {[%clk 01:28:28]} {[%emt
00:00:11]} e6 {[%clk 01:28:01]} {[%emt 00:03:40]} 7. d3 {[%clk 01:28:06]}
{[%emt 00:00:52]} d6 {[%clk 01:27:31]} {[%emt 00:00:59]} 8. Be3 {[%clk
01:25:43]} {[%emt 00:02:52]} Nd4 {[%clk 01:26:42]} {[%emt 00:01:20]} 9. Qd2
{[%clk 01:22:39]} {[%emt 00:03:34]} Ne7 {[%clk 01:25:32]} {[%emt 00:01:40]} 10.
Nd1 {[%clk 01:18:11]} {[%emt 00:04:58]} Nxe2+ {[%clk 01:23:54]} {[%emt
00:02:09]} 11. Qxe2 {[%clk 01:18:32]} {[%emt 00:00:09]} O-O {[%clk 01:24:00]}
{[%emt 00:00:23]} 12. c3 {[%clk 01:16:55]} {[%emt 00:02:08]} Nc6 {[%clk
01:18:54]} {[%emt 00:05:36]} 13. f4 {[%clk 01:12:02]} {[%emt 00:05:21]} Qe7
{[%clk 01:14:52]} {[%emt 00:04:33]} 14. Qd2 {[%clk 01:10:04]} {[%emt 00:02:28]}
f5 {[%clk 01:10:42]} {[%emt 00:04:40]} 15. Nf2 {[%clk 01:05:15]} {[%emt
00:05:18]} e5 {[%clk 01:07:17]} {[%emt 00:03:57]} 16. Rae1 {[%clk 00:57:35]}
{[%emt 00:08:09]} Qc7 {[%clk 01:01:18]} {[%emt 00:06:30]} 17. fxe5 {[%clk
00:46:00]} {[%emt 00:12:05]} Nxe5 {[%clk 01:00:50]} {[%emt 00:00:58]} 18. exf5
{[%clk 00:45:27]} {[%emt 00:01:02]} Bxf5 {[%clk 01:00:39]} {[%emt 00:00:42]}
19. d4 {[%clk 00:45:03]} {[%emt 00:00:54]} Nc4 {[%clk 01:00:04]} {[%emt
00:01:04]} 20. Bd5+ {[%clk 00:45:21]} {[%emt 00:00:12]} Kh8 {[%clk 01:00:02]}
{[%emt 00:00:32]} 21. Bxc4 {[%clk 00:45:07]} {[%emt 00:00:44]} cxd4 {[%clk
00:59:51]} {[%emt 00:00:42]} 22. Bxd4 {[%clk 00:43:20]} {[%emt 00:02:17]} Qxc4
{[%clk 01:00:05]} {[%emt 00:00:16]} 23. Bxg7+ {[%clk 00:42:24]} {[%emt
00:01:26]} Kxg7 {[%clk 01:00:28]} {[%emt 00:00:07]} 24. Re7+ {[%clk 00:41:46]}
{[%emt 00:01:07]} Rf7 {[%clk 01:00:27]} {[%emt 00:00:32]} 25. Rxf7+ {[%clk
00:40:29]} {[%emt 00:01:46]} Qxf7 {[%clk 00:58:52]} {[%emt 00:02:05]} 26. Ne4
{[%clk 00:15:13]} {[%emt 00:25:45]} Qc4 {[%clk 00:52:37]} {[%emt 00:06:45]} 27.
Nxd6 {[%clk 00:12:17]} {[%emt 00:03:26]} Qc5+ {[%clk 00:52:47]} {[%emt
00:00:21]} 28. Rf2 {[%clk 00:12:07]} {[%emt 00:00:40]} Bh3 {[%clk 00:49:17]}
{[%emt 00:04:00]} 29. Qf4 {[%clk 00:10:21]} {[%emt 00:02:16]} Qd5 {[%clk
00:46:36]} {[%emt 00:03:12]} 30. Qf7+ {[%clk 00:06:46]} {[%emt 00:04:05]} Qxf7
{[%clk 00:46:19]} {[%emt 00:00:47]} 31. Rxf7+ {[%clk 00:07:09]} {[%emt
00:00:06]} Kg8 {[%clk 00:46:44]} {[%emt 00:00:06]} 32. Re7 {[%clk 00:06:57]}
{[%emt 00:00:42]} Rd8 {[%clk 00:44:44]} {[%emt 00:02:30]} 33. Nxb7 {[%clk
00:04:01]} {[%emt 00:03:26]} Rd1+ {[%clk 00:44:28]} {[%emt 00:00:45]} 34. Kf2
{[%clk 00:04:20]} {[%emt 00:00:11]} Rd2+ {[%clk 00:44:53]} {[%emt 00:00:04]}
35. Re2 {[%clk 00:04:42]} {[%emt 00:00:08]} Rd5 {[%clk 00:44:47]} {[%emt
00:00:36]} 36. c4 {[%clk 00:04:26]} {[%emt 00:00:48]} Rd7 {[%clk 00:44:22]}
{[%emt 00:00:54]} 37. Nc5 {[%clk 00:04:01]} {[%emt 00:00:56]} Rd4 {[%clk
00:44:33]} {[%emt 00:00:18]} 38. Nxa6 {[%clk 00:02:57]} {[%emt 00:01:35]} Rxc4
{[%clk 00:44:48]} {[%emt 00:00:14]} 39. b3 {[%clk 00:03:07]} {[%emt 00:00:20]}
Rc6 {[%clk 00:44:54]} {[%emt 00:00:24]} 40. Nb4 {[%clk 00:02:24]} {[%emt
00:01:13]} Rd6 {[%clk 00:45:20]} {[%emt 00:00:04]} 41. Rb2 {[%clk 00:00:31]}
{[%emt 00:02:22]} Be6 {[%clk 00:43:55]} {[%emt 00:01:57]} 42. Ke3 {[%clk
00:29:13]} {[%emt 00:01:48]} Kf7 {[%clk 01:14:16]} {[%emt 00:00:09]} 43. Nd3
{[%clk 00:29:27]} {[%emt 00:00:15]} Bf5 {[%clk 01:14:24]} {[%emt 00:00:22]} 44.
Nc5 {[%clk 00:29:40]} {[%emt 00:00:16]} Rd5 {[%clk 01:14:31]} {[%emt 00:00:23]}
45. b4 {[%clk 00:29:52]} {[%emt 00:00:19]} Ke7 {[%clk 01:14:33]} {[%emt
00:00:28]} 46. a4 {[%clk 00:28:50]} {[%emt 00:01:31]} Kd6 {[%clk 01:12:28]}
{[%emt 00:02:36]} 47. Rd2 {[%clk 00:13:52]} {[%emt 00:15:28]} Rxd2 {[%clk
01:11:22]} {[%emt 00:01:37]} 48. Kxd2 {[%clk 00:14:06]} {[%emt 00:00:16]} Kd5
{[%clk 01:11:35]} {[%emt 00:00:17]} 49. Kc3 {[%clk 00:14:27]} {[%emt 00:00:08]}
Bg4 {[%clk 01:11:39]} {[%emt 00:00:25]} 50. Na6 {[%clk 00:14:19]} {[%emt
00:00:39]} Kc6 {[%clk 01:11:52]} {[%emt 00:00:17]} 51. b5+ {[%clk 00:14:39]}
{[%emt 00:00:10]} Kb6 {[%clk 01:12:14]} {[%emt 00:00:08]} 52. Kb4 {[%clk
00:14:54]} {[%emt 00:00:15]} Be2 {[%clk 01:11:41]} {[%emt 00:01:03]} 53. a5+
{[%clk 00:14:48]} {[%emt 00:00:36]} Kb7 {[%clk 01:12:02]} {[%emt 00:00:08]} 54.
Nc5+ {[%clk 00:14:11]} {[%emt 00:01:08]} Ka7 {[%clk 01:11:51]} {[%emt
00:00:42]} 55. b6+ {[%clk 00:13:46]} {[%emt 00:00:54]} Ka8 {[%clk 01:12:05]}
{[%emt 00:00:15]} 56. a6 {[%clk 00:13:54]} {[%emt 00:00:22]} Bf3 {[%clk
01:12:28]} {[%emt 00:00:07]} 57. Kb5 {[%clk 00:13:19]} {[%emt 00:01:06]} g5
{[%clk 01:12:39]} {[%emt 00:00:19]} 58. b7+ {[%clk 00:13:07]} {[%emt 00:00:42]}
Ka7 {[%clk 01:12:58]} {[%emt 00:00:11]} 59. Kc4 {[%clk 00:12:03]} {[%emt
00:01:34]} h5 {[%clk 01:12:53]} {[%emt 00:00:35]} 60. h4 {[%clk 00:12:15]}
{[%emt 00:00:18]} gxh4 {[%clk 01:12:59]} {[%emt 00:00:24]} 61. gxh4 {[%clk
00:12:39]} {[%emt 00:00:06]} Bc6 {[%clk 01:13:17]} {[%emt 00:00:12]} 62. Kd4
{[%clk 00:11:52]} {[%emt 00:01:17]} Bf3 {[%clk 01:13:35]} {[%emt 00:00:12]} 63.
Nd7 {[%emt 00:00:57]} 1-0

[Event "ODJM A 2025"]
[Site "Willingen GER"]
[Date "2025.06.10"]
[Round "4"]
[White "Seifert, Hendrik"]
[Black "Uhlmann, Jonas"]
[Result "0-1"]
[Termination "normal"]
[Board "34"]
[WhiteElo "1811"]
[BlackElo "1876"]
[WhiteClock "00:00:43"]
[BlackClock "01:08:34"]
[PlyCount "80"]
[WhiteFideId "16241193"]
[BlackFideId "16258576"]
[EventCountry "GER"]
[EventRounds "9"]
[EventType "swiss"]
[EventDate "2025.06.07"]

1. e4 {[%clk 01:30:57]} {[%emt 00:00:01]} c5 {[%clk 01:30:53]} {[%emt
00:00:07]} 2. Be2 {[%clk 01:30:36]} {[%emt 00:00:51]} Nc6 {[%clk 01:31:05]}
{[%emt 00:00:20]} 3. f4 {[%clk 01:31:00]} {[%emt 00:00:06]} g6 {[%clk
01:31:22]} {[%emt 00:00:12]} 4. d3 {[%clk 01:31:17]} {[%emt 00:00:13]} Bg7
{[%clk 01:31:43]} {[%emt 00:00:09]} 5. Nf3 {[%clk 01:31:15]} {[%emt 00:00:31]}
d6 {[%clk 01:31:58]} {[%emt 00:00:15]} 6. O-O {[%clk 01:31:02]} {[%emt
00:00:42]} e6 {[%clk 01:32:06]} {[%emt 00:00:23]} 7. c3 {[%clk 01:31:02]}
{[%emt 00:00:31]} Nge7 {[%clk 01:32:21]} {[%emt 00:00:15]} 8. Qe1 {[%clk
01:28:42]} {[%emt 00:02:49]} O-O {[%clk 01:26:50]} {[%emt 00:06:03]} 9. Qh4
{[%clk 01:23:51]} {[%emt 00:05:20]} f5 {[%clk 01:25:23]} {[%emt 00:01:56]} 10.
Ng5 {[%clk 01:13:46]} {[%emt 00:10:35]} h6 {[%clk 01:24:47]} {[%emt 00:01:07]}
11. Nh3 {[%clk 01:09:08]} {[%emt 00:05:07]} c4 {[%clk 01:22:59]} {[%emt
00:02:18]} 12. Na3 {[%clk 01:02:36]} {[%emt 00:07:02]} cxd3 {[%clk 01:22:53]}
{[%emt 00:00:37]} 13. Bxd3 {[%clk 01:02:43]} {[%emt 00:00:22]} fxe4 {[%clk
01:22:56]} {[%emt 00:00:27]} 14. Bxe4 {[%clk 01:02:18]} {[%emt 00:00:55]} e5
{[%clk 01:22:48]} {[%emt 00:00:39]} 15. Be3 {[%clk 00:45:16]} {[%emt 00:17:32]}
d5 {[%clk 01:17:52]} {[%emt 00:05:26]} 16. Rad1 {[%clk 00:34:07]} {[%emt
00:11:38]} Qa5 {[%clk 01:18:07]} {[%emt 00:00:16]} 17. Bc2 {[%clk 00:32:51]}
{[%emt 00:01:45]} d4 {[%clk 01:16:23]} {[%emt 00:02:15]} 18. cxd4 {[%clk
00:31:32]} {[%emt 00:01:49]} exd4 {[%clk 01:16:43]} {[%emt 00:00:10]} 19. Bd2
{[%clk 00:30:04]} {[%emt 00:01:58]} Qb6 {[%clk 01:16:04]} {[%emt 00:01:09]} 20.
Bb3+ {[%clk 00:29:55]} {[%emt 00:00:39]} Kh8 {[%clk 01:16:13]} {[%emt
00:00:20]} 21. g4 {[%clk 00:22:41]} {[%emt 00:07:44]} d3+ {[%clk 01:15:15]}
{[%emt 00:01:29]} 22. Kh1 {[%clk 00:18:02]} {[%emt 00:05:07]} Nd4 {[%clk
01:12:21]} {[%emt 00:03:25]} 23. Qxe7 {[%clk 00:06:59]} {[%emt 00:11:34]} Qc6+
{[%clk 01:12:41]} {[%emt 00:00:09]} 24. Kg1 {[%clk 00:06:50]} {[%emt 00:00:39]}
Bxg4 {[%clk 01:12:59]} {[%emt 00:00:12]} 25. Qh4 {[%clk 00:00:33]} {[%emt
00:06:47]} Nf3+ {[%clk 01:13:17]} {[%emt 00:00:12]} 26. Rxf3 {[%clk 00:00:51]}
{[%emt 00:00:13]} Qxf3 {[%clk 01:12:52]} {[%emt 00:00:54]} 27. Nf2 {[%clk
00:00:37]} {[%emt 00:00:44]} Bh5 {[%clk 01:10:57]} {[%emt 00:02:26]} 28. Bc3
{[%clk 00:00:32]} {[%emt 00:00:35]} Bxc3 {[%clk 01:10:57]} {[%emt 00:00:29]}
29. bxc3 {[%clk 00:00:59]} {[%emt 00:00:04]} Rad8 {[%clk 01:10:00]} {[%emt
00:01:26]} 30. Nc4 {[%clk 00:00:37]} {[%emt 00:00:53]} Qe2 {[%clk 01:09:35]}
{[%emt 00:00:55]} 31. Ne5 {[%clk 00:00:40]} {[%emt 00:00:27]} d2 {[%clk
01:08:05]} {[%emt 00:01:59]} 32. Qg3 {[%clk 00:00:35]} {[%emt 00:00:36]} Rde8
{[%clk 01:07:03]} {[%emt 00:01:32]} 33. Nxg6+ {[%clk 00:00:33]} {[%emt
00:00:32]} Bxg6 {[%clk 01:07:24]} {[%emt 00:00:08]} 34. Qxg6 {[%clk 00:00:36]}
{[%emt 00:00:28]} Rg8 {[%clk 01:07:16]} {[%emt 00:00:37]} 35. Bxg8 {[%clk
00:00:36]} {[%emt 00:00:30]} Rxg8 {[%clk 01:07:41]} {[%emt 00:00:05]} 36. Qxg8+
{[%clk 00:00:32]} {[%emt 00:00:35]} Kxg8 {[%clk 01:08:02]} {[%emt 00:00:09]}
37. Kg2 {[%clk 00:00:32]} {[%emt 00:00:30]} Qe3 {[%clk 01:07:54]} {[%emt
00:00:37]} 38. Rb1 {[%clk 00:00:34]} {[%emt 00:00:29]} Qxf4 {[%clk 01:07:56]}
{[%emt 00:00:27]} 39. Rxb7 {[%clk 00:00:32]} {[%emt 00:00:33]} d1=Q {[%clk
01:08:10]} {[%emt 00:00:15]} 40. Nxd1 {[%clk 00:00:43]} {[%emt 00:00:19]} Qe4+
{[%clk 01:08:34]} {[%emt 00:00:07]} 0-1

[Event "ODJM A 2025"]
[Site "Willingen GER"]
[Date "2025.06.10"]
[Round "4"]
[White "Friedhoff, Mirco"]
[Black "Schulz, Tim"]
[Result "1/2-1/2"]
[Termination "normal"]
[Board "35"]
[WhiteElo "1838"]
[BlackElo "1976"]
[WhiteClock "00:37:06"]
[BlackClock "00:13:06"]
[PlyCount "56"]
[WhiteFideId "16243447"]
[BlackFideId "34629165"]
[EventCountry "GER"]
[EventRounds "9"]
[EventType "swiss"]
[EventDate "2025.06.07"]

1. e4 {[%clk 01:30:57]} {[%emt 00:00:03]} c5 {[%clk 01:30:53]} {[%emt
00:00:08]} 2. Nc3 {[%clk 01:31:24]} {[%emt 00:00:03]} d6 {[%clk 01:31:15]}
{[%emt 00:00:07]} 3. Bb5+ {[%clk 01:31:47]} {[%emt 00:00:06]} Bd7 {[%clk
01:31:04]} {[%emt 00:00:40]} 4. Bxd7+ {[%clk 01:32:10]} {[%emt 00:00:08]} Qxd7
{[%clk 01:31:00]} {[%emt 00:00:34]} 5. f4 {[%clk 01:32:30]} {[%emt 00:00:10]}
Nc6 {[%clk 01:29:38]} {[%emt 00:01:52]} 6. d3 {[%clk 01:32:14]} {[%emt
00:00:46]} g6 {[%clk 01:29:24]} {[%emt 00:00:43]} 7. Nf3 {[%clk 01:32:16]} Bg7
{[%clk 01:28:29]} {[%emt 00:01:54]} 8. O-O {[%clk 01:31:28]} e6 {[%clk
01:21:18]} {[%emt 00:08:59]} 9. a3 {[%clk 01:29:41]} {[%emt 00:02:18]} Nge7
{[%clk 01:19:33]} {[%emt 00:02:14]} 10. Qe1 {[%clk 01:26:23]} {[%emt 00:03:47]}
Rb8 {[%clk 01:14:23]} {[%emt 00:05:40]} 11. e5 {[%clk 01:23:01]} {[%emt
00:03:53]} dxe5 {[%clk 01:05:31]} {[%emt 00:09:22]} 12. Ne4 {[%clk 01:18:00]}
{[%emt 00:05:31]} Nd4 {[%clk 00:55:57]} {[%emt 00:10:04]} 13. Nxe5 {[%clk
01:14:38]} {[%emt 00:03:52]} Qc7 {[%clk 00:49:09]} {[%emt 00:07:17]} 14. Qd1
{[%clk 00:57:17]} {[%emt 00:17:52]} O-O {[%clk 00:42:47]} {[%emt 00:06:52]} 15.
Be3 {[%clk 00:44:20]} {[%emt 00:13:25]} Nd5 {[%clk 00:41:33]} {[%emt 00:01:45]}
16. Bd2 {[%clk 00:39:03]} {[%emt 00:05:47]} Nxf4 {[%clk 00:30:15]} {[%emt
00:11:49]} 17. Bxf4 {[%clk 00:38:26]} {[%emt 00:01:06]} Bxe5 {[%clk 00:30:12]}
{[%emt 00:00:33]} 18. Bxe5 {[%clk 00:38:43]} {[%emt 00:00:14]} Qxe5 {[%clk
00:30:23]} {[%emt 00:00:18]} 19. Nf6+ {[%clk 00:38:49]} {[%emt 00:00:24]} Kg7
{[%clk 00:28:34]} {[%emt 00:02:19]} 20. Nd7 {[%clk 00:37:50]} {[%emt 00:01:29]}
Nf3+ {[%clk 00:26:56]} {[%emt 00:02:08]} 21. Qxf3 {[%clk 00:37:45]} {[%emt
00:00:36]} Qd4+ {[%clk 00:27:17]} {[%emt 00:00:08]} 22. Qf2 {[%clk 00:37:52]}
{[%emt 00:00:23]} Qxd7 {[%clk 00:27:06]} {[%emt 00:00:42]} 23. Qxc5 {[%clk
00:37:58]} {[%emt 00:00:23]} Rbc8 {[%clk 00:25:53]} {[%emt 00:01:43]} 24. Qe5+
{[%clk 00:37:33]} {[%emt 00:00:54]} f6 {[%clk 00:22:06]} {[%emt 00:04:18]} 25.
Qe2 {[%clk 00:37:49]} {[%emt 00:00:13]} Qd4+ {[%clk 00:16:18]} {[%emt
00:06:19]} 26. Qf2 {[%clk 00:36:58]} {[%emt 00:01:21]} Qxf2+ {[%clk 00:13:16]}
{[%emt 00:03:32]} 27. Rxf2 {[%clk 00:37:18]} {[%emt 00:00:09]} Rc6 {[%clk
00:13:25]} {[%emt 00:00:22]} 28. d4 {[%clk 00:37:06]} {[%emt 00:00:42]} Rd8
{[%clk 00:13:06]} {[%emt 00:00:48]} 1/2-1/2

[Event "ODJM A 2025"]
[Site "Willingen GER"]
[Date "2025.06.10"]
[Round "4"]
[White "Retzlaff, Kian"]
[Black "Meyer, Henry Paul"]
[Result "0-1"]
[Termination "normal"]
[Board "36"]
[WhiteElo "1946"]
[BlackElo "1841"]
[WhiteClock "00:02:03"]
[BlackClock "00:18:13"]
[PlyCount "58"]
[WhiteFideId "34606700"]
[BlackFideId "34645802"]
[EventCountry "GER"]
[EventRounds "9"]
[EventType "swiss"]
[EventDate "2025.06.07"]

1. e4 {[%clk 01:30:58]} c5 {[%clk 01:30:54]} {[%emt 00:00:07]} 2. Nf3 {[%clk
01:31:18]} {[%emt 00:00:08]} d6 {[%clk 01:31:19]} {[%emt 00:00:06]} 3. d4
{[%clk 01:31:45]} {[%emt 00:00:03]} cxd4 {[%clk 01:31:43]} {[%emt 00:00:07]} 4.
Nxd4 {[%clk 01:32:09]} {[%emt 00:00:05]} Nf6 {[%clk 01:32:00]} {[%emt
00:00:15]} 5. Nc3 {[%clk 01:32:32]} {[%emt 00:00:05]} g6 {[%clk 01:32:09]}
{[%emt 00:00:21]} 6. Be3 {[%clk 01:32:57]} {[%emt 00:00:05]} Bg7 {[%clk
01:32:29]} {[%emt 00:00:11]} 7. f3 {[%clk 01:33:20]} {[%emt 00:00:06]} O-O
{[%clk 01:32:53]} {[%emt 00:00:07]} 8. Qd2 {[%clk 01:33:47]} {[%emt 00:00:02]}
Nc6 {[%clk 01:33:17]} {[%emt 00:00:08]} 9. O-O-O {[%clk 01:34:09]} {[%emt
00:00:06]} d5 {[%clk 01:33:34]} {[%emt 00:00:14]} 10. exd5 {[%clk 01:34:34]}
{[%emt 00:00:05]} Nxd5 {[%clk 01:33:59]} {[%emt 00:00:06]} 11. Nxc6 {[%clk
01:34:58]} {[%emt 00:00:05]} bxc6 {[%clk 01:34:23]} {[%emt 00:00:06]} 12. Bd4
{[%clk 01:35:24]} {[%emt 00:00:04]} e5 {[%clk 01:34:46]} {[%emt 00:00:07]} 13.
Bc5 {[%clk 01:35:50]} {[%emt 00:00:03]} Re8 {[%clk 01:35:07]} {[%emt 00:00:09]}
14. Ne4 {[%clk 01:34:38]} {[%emt 00:01:41]} Be6 {[%clk 01:34:33]} {[%emt
00:01:05]} 15. Bc4 {[%clk 01:28:17]} {[%emt 00:06:50]} Qc7 {[%clk 01:33:29]}
{[%emt 00:01:34]} 16. h4 {[%clk 01:24:18]} {[%emt 00:04:29]} Rad8 {[%clk
01:22:39]} {[%emt 00:11:21]} 17. Qf2 {[%clk 01:15:22]} {[%emt 00:09:27]} Rd7
{[%clk 01:10:56]} {[%emt 00:12:13]} 18. Bb3 {[%clk 00:41:08]} {[%emt 00:34:43]}
Red8 {[%clk 00:58:00]} {[%emt 00:13:26]} 19. h5 {[%clk 00:31:06]} {[%emt
00:10:32]} f5 {[%clk 00:38:39]} {[%emt 00:19:52]} 20. Ng5 {[%clk 00:25:14]}
{[%emt 00:06:20]} Bh6 {[%clk 00:32:48]} {[%emt 00:06:22]} 21. Qh4 {[%clk
00:22:23]} {[%emt 00:03:21]} Nf4 {[%clk 00:27:14]} {[%emt 00:06:04]} 22. Rdf1
{[%clk 00:17:06]} {[%emt 00:05:47]} Bxb3 {[%clk 00:21:41]} {[%emt 00:06:04]}
23. hxg6 {[%clk 00:11:05]} {[%emt 00:06:30]} Qa5 {[%clk 00:18:25]} {[%emt
00:03:47]} 24. gxh7+ {[%clk 00:05:03]} {[%emt 00:06:32]} Kh8 {[%clk 00:18:42]}
{[%emt 00:00:13]} 25. Qe1 {[%clk 00:01:34]} {[%emt 00:03:58]} Qxc5 {[%clk
00:17:34]} {[%emt 00:01:38]} 26. axb3 {[%clk 00:01:37]} {[%emt 00:00:28]} Nd3+
{[%clk 00:17:45]} {[%emt 00:00:19]} 27. Kb1 {[%clk 00:01:55]} {[%emt 00:00:12]}
Nxe1 {[%clk 00:17:54]} {[%emt 00:00:21]} 28. Rxh6 {[%clk 00:01:37]} {[%emt
00:00:47]} Rd1+ {[%clk 00:18:13]} {[%emt 00:00:11]} 29. Ka2 {[%clk 00:02:03]}
{[%emt 00:00:05]} Qa5# {[%emt 00:00:05]} 0-1

[Event "ODJM A 2025"]
[Site "Willingen GER"]
[Date "2025.06.10"]
[Round "4"]
[White "Weeke, Tom"]
[Black "Heilig, Tim Markus"]
[Result "1-0"]
[Termination "normal"]
[Board "37"]
[WhiteElo "1843"]
[BlackElo "1926"]
[WhiteClock "00:19:28"]
[BlackClock "00:01:28"]
[PlyCount "57"]
[WhiteFideId "34607080"]
[BlackFideId "16295935"]
[EventCountry "GER"]
[EventRounds "9"]
[EventType "swiss"]
[EventDate "2025.06.07"]

1. e4 {[%clk 01:30:54]} {[%emt 00:00:06]} e5 {[%clk 01:30:55]} {[%emt
00:00:06]} 2. Nf3 {[%clk 01:31:19]} {[%emt 00:00:04]} Nf6 {[%clk 01:31:20]}
{[%emt 00:00:06]} 3. d4 {[%clk 01:31:42]} {[%emt 00:00:04]} d5 {[%clk
01:31:28]} {[%emt 00:00:22]} 4. Nxe5 {[%clk 01:29:47]} {[%emt 00:02:26]} Nxe4
{[%clk 01:31:50]} {[%emt 00:00:09]} 5. Bd3 {[%clk 01:29:54]} {[%emt 00:00:22]}
Bd6 {[%clk 01:30:50]} {[%emt 00:01:30]} 6. O-O {[%clk 01:29:52]} {[%emt
00:00:32]} O-O {[%clk 01:26:46]} {[%emt 00:04:33]} 7. c4 {[%clk 01:27:05]}
{[%emt 00:03:18]} c6 {[%clk 01:23:12]} {[%emt 00:04:04]} 8. Qf3 {[%clk
01:12:23]} {[%emt 00:15:12]} f6 {[%clk 01:13:52]} {[%emt 00:09:49]} 9. Ng4
{[%clk 01:12:15]} {[%emt 00:00:37]} Qe8 {[%clk 01:04:51]} {[%emt 00:09:33]} 10.
cxd5 {[%clk 01:06:30]} {[%emt 00:06:15]} cxd5 {[%clk 01:01:09]} {[%emt
00:04:13]} 11. Ne3 {[%clk 01:06:25]} {[%emt 00:00:33]} Nc6 {[%clk 00:47:53]}
{[%emt 00:13:47]} 12. Nxd5 {[%clk 01:01:01]} {[%emt 00:05:54]} f5 {[%clk
00:45:02]} {[%emt 00:03:21]} 13. Be3 {[%clk 00:57:48]} {[%emt 00:03:43]} f4
{[%clk 00:37:07]} {[%emt 00:08:25]} 14. Bxe4 {[%clk 00:51:48]} {[%emt
00:06:30]} fxe3 {[%clk 00:35:35]} {[%emt 00:02:01]} 15. Qxe3 {[%clk 00:51:34]}
{[%emt 00:00:44]} Qh5 {[%clk 00:31:40]} {[%emt 00:04:24]} 16. f4 {[%clk
00:46:11]} {[%emt 00:05:54]} Be6 {[%clk 00:28:02]} {[%emt 00:04:09]} 17. Nbc3
{[%clk 00:34:53]} {[%emt 00:11:47]} Rae8 {[%clk 00:24:53]} {[%emt 00:03:40]}
18. Rae1 {[%clk 00:32:45]} {[%emt 00:02:38]} Bf5 {[%clk 00:21:40]} {[%emt
00:03:43]} 19. Qd3 {[%clk 00:29:59]} {[%emt 00:03:16]} Be6 {[%clk 00:17:26]}
{[%emt 00:04:44]} 20. g3 {[%clk 00:27:08]} {[%emt 00:03:21]} Bh3 {[%clk
00:16:34]} {[%emt 00:01:22]} 21. Rf2 {[%clk 00:26:45]} {[%emt 00:00:52]} g5
{[%clk 00:13:13]} {[%emt 00:03:52]} 22. f5 {[%clk 00:23:31]} {[%emt 00:03:44]}
Bxf5 {[%clk 00:11:11]} {[%emt 00:02:32]} 23. Ref1 {[%clk 00:22:03]} {[%emt
00:01:58]} Rxe4 {[%clk 00:06:09]} {[%emt 00:05:32]} 24. Nxe4 {[%clk 00:21:27]}
{[%emt 00:01:03]} Qg6 {[%clk 00:04:12]} {[%emt 00:02:29]} 25. Nef6+ {[%clk
00:21:22]} {[%emt 00:00:35]} Rxf6 {[%clk 00:03:42]} {[%emt 00:01:01]} 26. Nxf6+
{[%clk 00:21:47]} {[%emt 00:00:05]} Qxf6 {[%clk 00:03:55]} {[%emt 00:00:16]}
27. Rxf5 {[%clk 00:21:27]} {[%emt 00:00:49]} Qg7 {[%clk 00:02:13]} {[%emt
00:02:13]} 28. Qe3 {[%clk 00:19:44]} {[%emt 00:02:13]} Nxd4 {[%clk 00:01:28]}
{[%emt 00:01:16]} 29. Rxg5 {[%clk 00:19:28]} {[%emt 00:00:45]} 1-0